000 00972cam a2200265 4500
001 J316
008 090401t1984 xxu||||| |||| 00| 0 eng d
035 _a(Sirsi) u74393
041 _aeng
050 _a692.9
090 _aJCT 1984/9A
110 _aJoint Contracts Tribunal
_93664
245 _aAgreement ESA/1: RIBA/CASEC form of employer/specialist agreement for use between the employer and a specialist to be named as a sub-contractor under the JCT Intermediate Form of Building Contract 1984 edition (IFC 84).
260 _aLondon
_bRIBA Publications Ltd.
_c1984
300 _a4p. ; 30cm.
350 _a0
520 _aAccompanied by 1 page Guidance Note.
650 _aCONFEDERATION OF ASSOCIATIONS OF SPECIALIST ENGINEERING CONTRACTORS
650 _aJCT INTERMEDIATE FORM OF BUILDING CONTRACT (1984 EDITION)
650 _aRIBA
650 _aSUBCONTRACTS
690 _aBUILT ENVIRONMENT-BUILDING CONTRACT FORMS
942 _n0
948 _c04/03/1997
999 _c95832
_d95832